Hegel y la dialéctica científica de Marx
Guardat en:
| Autor principal: | |
|---|---|
| Format: | Llibre |
| Idioma: | espanyol |
| Publicat: |
Buenos Aires
Centro de Estudios
1971
|
| Matèries: | |
| Etiquetes: |
Afegir etiqueta
Sense etiquetes, Sigues el primer a etiquetar aquest registre!
|
MARC
| LEADER | 00000nam a2200000 a 4500 | ||
|---|---|---|---|
| 001 | UCY8259 | ||
| 003 | CL-VaPUC | ||
| 005 | 20241212091156.0 | ||
| 008 | 950703e19710000AG |||||||||||||||||spa|d | ||
| 999 | |c 235534 |d 235532 | ||
| 040 | |c Pontificia Universidad Católica de Valparaíso | ||
| 082 | 0 | 4 | |a 335.411 |b GAR |2 21 |
| 100 | 0 | |a García Barcelo, Abel |e author |9 339515 | |
| 245 | 1 | 0 | |a Hegel y la dialéctica científica de Marx |
| 260 | |a Buenos Aires |b Centro de Estudios |c 1971 | ||
| 300 | |a 126 p | ||
| 583 | |a last modification |c 19950703 00:00:00 |k Rodrigo Vera | ||
| 600 | 0 | |a Hegel, Georg Wilhelm Friedrich |d 1770-1831 |9 860268 | |
| 600 | 0 | |a Marx, Karl Heinrich, |d 1818-1883 |9 861123 | |
| 650 | 0 | |a Comunismo |9 255588 | |
| 650 | 0 | |a Filosofía |9 223554 | |
| 942 | |c BK |2 ddc | ||
| 945 | |d 19950703 00:00:00 |a rbrito | ||
| 952 | |0 0 |1 0 |4 0 |6 335_411000000000000_GAR_1971 |7 0 |8 A |9 243030 |a BIBHIS |b BIBHIS |d 2019-11-18 |i 3098877 |l 1 |o 335.411 GAR 1971 |p 3098877 |r 2025-01-20 |s 2022-03-15 |w 2019-11-18 |y BK |k HIS | ||
| 952 | |0 0 |1 0 |4 0 |6 335_411000000000000_GAR_1971 |7 0 |8 A |9 243031 |a BIBDER |b BIBDER |d 2019-11-18 |i 1799401 |o 335.411 GAR 1971 |p 1799401 |r 2023-01-25 |w 2019-11-18 |y BK |k DER | ||